| 000 | 00000nam##2200000za#4500 |
| 001 | 9.662699 |
| 003 | CaOODSP |
| 005 | 20230202144025 |
| 007 | ta |
| 008 | 150407|2001||||xxc||||| f|0| 0 eng|d |
| 020 | |a0-662-65661-X |
| 022 | |a1494-1791 |
| 040 | |aCaOODSP|beng |
| 041 | |aeng |
| 041 | |afre |
| 043 | |an-cn--- |
| 086 | 1 |aH72-21/21-2001 |
| 110 | 2 |aNational Clearinghouse on Family Violence (Canada). |
| 245 | 10|aPublications available from the National Clearinghouse on Family Violence, 2001 |
| 260 | |aOttawa - Ontario : |bHealth Canada. |c2001. |
| 300 | |aEnglish text, 39p. ; |c28 cm. |
| 546 | |aBilingual |
| 563 | |aSoftcover |
| 590 | |a01-43|b2001-10-26 |
| 690 | 07|aFamily violence|2gcpds |
| 776 | 0#|tPublications available from the National Clearinghouse on Family Violence |w(CaOODSP)9.695724 |
| 776 | 0#|tListe des publications du Centre national d'information sur la violence dans la famille |w(CaOODSP)9.639850 |
| 792 | |tListe des publications du Centre national d'information sur la violence dans la famille, 2001 |efre|w(CaOODSP)9.662700 |